[Event "Liga Madrileña 2010/2011 - D. Honor"]
[Site "Madrid ESP"]
[Date "2010.12.12"]
[Round "3.32"]
[White "Gonzalez Perez, Arian"]
[Black "Vallejo Diaz, Javier"]
[Result "1-0"]
[WhiteElo "2435"]
[BlackElo "2350"]
[PlyCount "103"]
[EventDate "2010.11.21"]
[EventType "team"]
[EventRounds "14"]
[EventCountry "ESP"]
[Source "lmi"]
[SourceDate "2010.11.21"]
[WhiteTeam "Leganes"]
[BlackTeam "Amigos del Retiro"]
[WhiteTeamCountry "ESP"]
[BlackTeamCountry "ESP"]

1. Nf3 d5 2. g3 Nf6 3. Bg2 g6 4. O-O Bg7 5. d3 O-O 6. Nbd2 c5 7. e4 Nc6 8. Re1
Bg4 9. h3 Bxf3 10. Bxf3 dxe4 11. Nxe4 Nxe4 12. Bxe4 Rc8 13. c3 Qd7 14. Kh2 Rfd8
15. Qa4 a6 16. Bg5 Ne5 17. Qb3 b5 18. Rad1 Qa7 19. Be3 e6 20. a4 Qb6 21. d4
cxd4 22. Rxd4 Rxd4 23. Bxd4 Qb8 24. axb5 axb5 25. Ra1 Nc6 26. Be3 b4 27. Ra6
bxc3 28. Rxc6 cxb2 29. Bf4 Qxb3 30. Rxc8+ Bf8 31. Bh6 Qb4 32. Bb1 f5 33. Rxf8+
Qxf8 34. Bxf8 Kxf8 35. Kg2 Ke7 36. Kf3 e5 37. Ke3 Kf6 38. Kd3 Kg5 39. Kc3 h5
40. Kxb2 h4 41. Kc3 hxg3 42. fxg3 f4 43. g4 Kh4 44. Bxg6 Kxh3 45. Bf5 Kh4 46.
Kd3 Kg5 47. Ke4 Kf6 48. Bc8 Kg5 49. Bf5 Kh6 50. Kf3 Kg5 51. Bd3 Kh4 52. Be2 1-0

[Event "Liga Madrileña 2010/2011 - D. Honor"]
[Site "Madrid ESP"]
[Date "2010.12.12"]
[Round "3.33"]
[White "Garcia Cuenca, Victor"]
[Black "Reyes Larenas, Juan"]
[Result "1-0"]
[WhiteElo "2329"]
[BlackElo "2435"]
[PlyCount "97"]
[EventDate "2010.11.21"]
[EventType "team"]
[EventRounds "14"]
[EventCountry "ESP"]
[Source "lmi"]
[SourceDate "2010.11.21"]
[WhiteTeam "Amigos del Retiro"]
[BlackTeam "Leganes"]
[WhiteTeamCountry "ESP"]
[BlackTeamCountry "ESP"]

1. d4 Nf6 2. c4 g6 3. Nf3 Bg7 4. g3 O-O 5. Bg2 d6 6. O-O Nbd7 7. Nc3 e5 8. e4
c6 9. h3 a5 10. Be3 a4 11. Qc2 Qa5 12. Rab1 Qb4 13. b3 axb3 14. axb3 exd4 15.
Nxd4 Nc5 16. Rfd1 Nfd7 17. Rd2 Re8 18. Na2 Qa3 19. b4 Ne6 20. Ne2 Ne5 21. Rb3
Qa6 22. b5 Qa4 23. Nec3 Qa5 24. Rb4 Qc7 25. f4 Nd7 26. Rb1 Nec5 27. Bf2 Nb6 28.
Bf1 Be6 29. Rbd1 Nxc4 30. Bxc4 Bxc4 31. Bxc5 dxc5 32. e5 cxb5 33. Nd5 Qc8 34.
Nac3 Qxh3 35. Ne4 Bxd5 36. Rxd5 b6 37. Qb3 b4 38. Ng5 Qf5 39. e6 Qxe6 40. Nxe6
fxe6 41. Rd7 Ra3 42. Qc4 Rxg3+ 43. Kf2 Rc3 44. Qe4 Bf6 45. R1d6 Ra3 46. Rxe6
Ra2+ 47. Kf1 Ra1+ 48. Ke2 Ra2+ 49. Kd3 1-0

[Event "Liga Madrileña 2010/2011 - D. Honor"]
[Site "Madrid ESP"]
[Date "2010.12.12"]
[Round "3.34"]
[White "Arribas Lopez, Angel"]
[Black "Sanchez Gonzalez, Sergio"]
[Result "0-1"]
[WhiteElo "2439"]
[BlackElo "2291"]
[PlyCount "112"]
[EventDate "2010.11.21"]
[EventType "team"]
[EventRounds "14"]
[EventCountry "ESP"]
[Source "lmi"]
[SourceDate "2010.11.21"]
[WhiteTeam "Leganes"]
[BlackTeam "Amigos del Retiro"]
[WhiteTeamCountry "ESP"]
[BlackTeamCountry "ESP"]

1. e4 c5 2. Nc3 d6 3. Nge2 Nf6 4. d4 cxd4 5. Nxd4 e6 6. Be2 a6 7. O-O Qc7 8. a4
Nc6 9. Be3 Be7 10. f4 O-O 11. Qe1 Re8 12. Rd1 e5 13. fxe5 dxe5 14. Nb3 Nb4 15.
Qg3 Nxc2 16. Bh6 Qb6+ 17. Rf2 Bf8 18. Bc4 Be6 19. a5 Qb4 20. Bd5 Bxd5 21. exd5
Qxb3 22. Rxf6 Nd4 23. Rf2 Kh8 24. Be3 f5 25. Qh3 f4 26. Bc1 Nb5 27. Rff1 Nxc3
28. bxc3 Red8 29. Qe6 Qxc3 30. Rf3 Qc2 31. Re1 Qc5+ 32. Kh1 Qxd5 33. Qf5 e4 34.
Qxd5 Rxd5 35. Rxf4 Re8 36. h4 Kg8 37. Bb2 e3 38. Bc3 Rd3 39. Bb4 Bxb4 40. Rxb4
e2 41. Kg1 Rd5 42. Rxb7 Rxa5 43. Ra7 Re6 44. g3 h6 45. Kg2 Kh7 46. Rf7 Ra3 47.
Kf2 Rg6 48. Kxe2 Raxg3 49. Re7 R3g4 50. h5 R6g5 51. Ra7 a5 52. Kf3 Rh4 53. Ra8
Rhxh5 54. Re7 Rf5+ 55. Ke3 Rf6 56. Rb8 Rg5 0-1

[Event "Liga Madrileña 2010/2011 - D. Honor"]
[Site "Madrid ESP"]
[Date "2010.12.12"]
[Round "3.35"]
[White "Vallejo Diaz, Jesus"]
[Black "Davicce Cañada, Juan Antonio"]
[Result "1-0"]
[WhiteElo "2273"]
[BlackElo "2097"]
[PlyCount "105"]
[EventDate "2010.11.21"]
[EventType "team"]
[EventRounds "14"]
[EventCountry "ESP"]
[Source "lmi"]
[SourceDate "2010.11.21"]
[WhiteTeam "Amigos del Retiro"]
[BlackTeam "Leganes"]
[WhiteTeamCountry "ESP"]
[BlackTeamCountry "ESP"]

1. e4 c6 2. d4 d5 3. Nd2 dxe4 4. Nxe4 Nf6 5. Ng3 g6 6. Bc4 Bg7 7. Nf3 O-O 8. h3
Nbd7 9. O-O c5 10. c3 Qc7 11. Qe2 cxd4 12. Nxd4 Nb6 13. Bb3 a6 14. Re1 e6 15.
Ne4 Nbd5 16. Ng5 Re8 17. Ngf3 b6 18. Ne5 Bb7 19. Bg5 Nh5 20. Nd3 Nhf4 21. Nxf4
Nxf4 22. Bxf4 Qxf4 23. Rad1 Rad8 24. Nc2 Qg5 25. Qg4 Qxg4 26. hxg4 Kf8 27. f4
Rxd1 28. Rxd1 Ke7 29. Ne3 b5 30. Kf2 Rd8 31. Rxd8 Kxd8 32. Bd1 Kd7 33. Bf3 Bxf3
34. Kxf3 Kc6 35. Ke4 f5+ 36. gxf5 exf5+ 37. Kd3 a5 38. b3 Kc5 39. c4 b4 40. Nd5
Bf8 41. Nf6 Bd6 42. Nxh7 Bxf4 43. Nf8 Bh6 44. Nxg6 Bg5 45. Nf8 Bh6 46. Ne6+ Kd6
47. Nd4 f4 48. Ke4 Kc5 49. Ne6+ Kd6 50. Nxf4 Bg5 51. Kf5 Bd8 52. Nd3 Be7 53. g4
1-0

[Event "Liga Madrileña 2010/2011 - D. Honor"]
[Site "Madrid ESP"]
[Date "2010.12.12"]
[Round "3.36"]
[White "Pedrajas Estepa, Manuel"]
[Black "Paredes Sanchez, Juan"]
[Result "0-1"]
[WhiteElo "2097"]
[BlackElo "2172"]
[PlyCount "112"]
[EventDate "2010.11.21"]
[EventType "team"]
[EventRounds "14"]
[EventCountry "ESP"]
[Source "lmi"]
[SourceDate "2010.11.21"]
[WhiteTeam "Leganes"]
[BlackTeam "Amigos del Retiro"]
[WhiteTeamCountry "ESP"]
[BlackTeamCountry "ESP"]

1. e4 c5 2. Nf3 d6 3. c4 Nf6 4. Nc3 Bg4 5. Be2 Nc6 6. d3 e6 7. Be3 Be7 8. h3
Bh5 9. O-O O-O 10. Qd2 Qc7 11. Rac1 Rad8 12. Nh2 Bxe2 13. Qxe2 d5 14. cxd5 exd5
15. Ng4 Nxg4 16. Qxg4 f5 17. exf5 Qd7 18. d4 h5 19. Qd1 Qxf5 20. Ne2 Qf7 21.
Qb3 c4 22. Qxb7 Nb4 23. Nc3 Rb8 24. Qxa7 Ra8 25. Qb7 Rfb8 26. Qc7 Rc8 27. Qg3
Nxa2 28. Nxa2 Rxa2 29. Rc2 Qf5 30. Rd2 Kh7 31. Qe5 Qf7 32. g4 hxg4 33. hxg4 Qf3
34. Qh2+ Kg8 35. Qg2 Qxg2+ 36. Kxg2 Rb8 37. b3 Rxd2 38. Bxd2 Rxb3 39. Be3 Rd3
40. Ra1 Ba3 41. Kf3 Bb2 42. Ra5 c3 43. Rxd5 c2 44. Rc5 c1=Q 45. Rxc1 Bxc1 46.
Ke4 Rc3 47. Bxc1 Rxc1 48. f4 Kf7 49. g5 g6 50. Ke5 Ke7 51. Kd5 Rf1 52. Ke5 Ra1
53. d5 Ra5 54. Ke4 Kd6 55. f5 Ra4+ 56. Kf3 gxf5 0-1

[Event "Liga Madrileña 2010/2011 - D. Honor"]
[Site "Madrid ESP"]
[Date "2010.12.12"]
[Round "3.41"]
[White "Vazquez Igarza, Renier"]
[Black "Adan Bermudez, Sergio"]
[Result "1-0"]
[WhiteElo "2558"]
[BlackElo "2264"]
[PlyCount "65"]
[EventDate "2010.11.21"]
[EventType "team"]
[EventRounds "14"]
[EventCountry "ESP"]
[Source "lmi"]
[SourceDate "2010.11.21"]
[WhiteTeam "Collado Villalba"]
[BlackTeam "Pueblo Nuevo"]
[WhiteTeamCountry "ESP"]
[BlackTeamCountry "ESP"]

1. d4 Nf6 2. c4 d6 3. Nf3 Nbd7 4. Nc3 e5 5. e4 c6 6. Be2 Be7 7. O-O O-O 8. Re1
a6 9. d5 cxd5 10. exd5 Nb6 11. b3 Bg4 12. a4 Bxf3 13. Bxf3 a5 14. Ba3 Nbd7 15.
Nb5 Qb6 16. b4 Rfc8 17. c5 dxc5 18. bxa5 Rxa5 19. d6 Bf8 20. Rb1 Qa6 21. Bb2
Rb8 22. Bxe5 Nxe5 23. Rxe5 Rxa4 24. Rxc5 Ra2 25. Bd5 Qb6 26. Bxf7+ Kxf7 27.
Qb3+ Kg6 28. Qg3+ Kf7 29. Rc7+ Ke8 30. Re1+ Kd8 31. Rf7 Bxd6 32. Nxd6 Re2 33.
Rf1 1-0

[Event "Liga Madrileña 2010/2011 - D. Honor"]
[Site "Madrid ESP"]
[Date "2010.12.12"]
[Round "3.42"]
[White "Barez Menendez, Hector"]
[Black "Moreno Ruiz, Javier"]
[Result "1/2-1/2"]
[WhiteElo "2168"]
[BlackElo "2527"]
[PlyCount "68"]
[EventDate "2010.11.21"]
[EventType "team"]
[EventRounds "14"]
[EventCountry "ESP"]
[Source "lmi"]
[SourceDate "2010.11.21"]
[WhiteTeam "Pueblo Nuevo"]
[BlackTeam "Collado Villalba"]
[WhiteTeamCountry "ESP"]
[BlackTeamCountry "ESP"]

1. Nf3 c5 2. c4 g6 3. g3 Bg7 4. Bg2 Nc6 5. O-O d6 6. Nc3 Qd7 7. e3 Bxc3 8. dxc3
Nf6 9. Re1 b6 10. e4 Bb7 11. e5 dxe5 12. Nxe5 Nxe5 13. Qxd7+ Nfxd7 14. Bxb7 Rb8
15. Bd5 e6 16. Bf4 Nd3 17. Bxb8 Nxe1 18. Bc6 Nf3+ 19. Kg2 Ke7 20. Bxd7 Rxb8 21.
Bxe6 Nh4+ 22. gxh4 fxe6 23. Rd1 Rf8 24. Kg3 e5 25. f3 Ke6 26. b3 Rf7 27. Rd2 h5
28. Rd8 Re7 29. Rg8 Kf7 30. Rd8 Kf6 31. Rf8+ Kg7 32. Rd8 Kf6 33. Rf8+ Ke6 34.
Rg8 Kf7 1/2-1/2

[Event "Liga Madrileña 2010/2011 - D. Honor"]
[Site "Madrid ESP"]
[Date "2010.12.12"]
[Round "3.43"]
[White "Ortiz Herranz, Eleazar"]
[Black "Baigorri Navarro, Francisco Javier"]
[Result "1/2-1/2"]
[WhiteElo "2243"]
[BlackElo "2149"]
[PlyCount "89"]
[EventDate "2010.11.21"]
[EventType "team"]
[EventRounds "14"]
[EventCountry "ESP"]
[Source "lmi"]
[SourceDate "2010.11.21"]
[WhiteTeam "Collado Villalba"]
[BlackTeam "Pueblo Nuevo"]
[WhiteTeamCountry "ESP"]
[BlackTeamCountry "ESP"]

1. Nf3 Nf6 2. c4 e6 3. g3 b6 4. Bg2 Bb7 5. O-O Be7 6. Nc3 O-O 7. Qc2 c5 8. Rd1
d6 9. d4 cxd4 10. Rxd4 a6 11. b3 Qc7 12. Bb2 Nbd7 13. Rc1 Rac8 14. Qd1 Rfd8 15.
Ne1 Bxg2 16. Nxg2 Nb8 17. e4 Nc6 18. Rd2 Ne8 19. Nd5 exd5 20. cxd5 Qb7 21. dxc6
Rxc6 22. Rdc2 Rxc2 23. Qxc2 d5 24. e5 Bc5 25. Nf4 Qe7 26. Rd1 d4 27. Nd3 Ba3
28. Bc1 h6 29. Bd2 a5 30. Bc1 Kh8 31. Qc4 Kg8 32. e6 Bxc1 33. exf7+ Qxf7 34.
Rxc1 Nf6 35. Kf1 Qxc4 36. Rxc4 Ne4 37. Rc6 Rb8 38. Ke1 Nc3 39. Nc1 b5 40. Rd6
Re8+ 41. Kf1 Re4 42. f3 Re3 43. Rxd4 Rxf3+ 44. Kg2 Rf8 45. a3 1/2-1/2

[Event "Liga Madrileña 2010/2011 - D. Honor"]
[Site "Madrid ESP"]
[Date "2010.12.12"]
[Round "3.44"]
[White "Nieto de la Cruz, Julio"]
[Black "Cao Armillas, Jesus"]
[Result "1/2-1/2"]
[WhiteElo "2135"]
[BlackElo "2189"]
[PlyCount "194"]
[EventDate "2010.11.21"]
[EventType "team"]
[EventRounds "14"]
[EventCountry "ESP"]
[Source "lmi"]
[SourceDate "2010.11.21"]
[WhiteTeam "Pueblo Nuevo"]
[BlackTeam "Collado Villalba"]
[WhiteTeamCountry "ESP"]
[BlackTeamCountry "ESP"]

1. d4 Nf6 2. c4 g6 3. Nc3 d5 4. Nf3 Bg7 5. Bg5 Ne4 6. cxd5 Nxg5 7. Nxg5 e6 8.
Qd2 exd5 9. Qe3+ Kf8 10. Qf4 Bf6 11. h4 h6 12. Nxd5 Bxg5 13. Qe5 Rh7 14. hxg5
Nc6 15. Qe4 Bf5 16. Qf3 Nxd4 17. Qa3+ Kg8 18. Ne3 Qxg5 19. Qc3 Rd8 20. Rd1 Nb5
21. Rxd8+ Qxd8 22. Qc4 Nd6 23. Qd4 Be6 24. g3 c6 25. Bh3 f5 26. Qf4 Ne4 27. Ng4
g5 28. Qe5 Qd2+ 29. Kf1 Qd1+ 30. Kg2 Qd5 31. Qb8+ Kg7 32. Ne3 Qb5 33. g4 Qxe2
34. Nxf5+ Bxf5 35. Qe5+ Kf7 36. Qxf5+ Nf6 37. Qc5 Nd5 38. Qxa7 Nf4+ 39. Kg3
Qxb2 40. Qc5 Qd2 41. Qf5+ Kg7 42. Qe5+ Kf8 43. Re1 Qd8 44. Bf1 Nd5 45. Bd3 Rg7
46. Qf5+ Rf7 47. Qe5 Qc7 48. Bc4 Re7 49. Qxc7 Nxc7 50. Rb1 b5 51. Bf1 Re5 52.
Rb3 Rc5 53. Rf3+ Ke7 54. Re3+ Ne6 55. Bg2 Kf6 56. Rd3 Ke7 57. Ra3 Rc4 58. Ra7+
Kf6 59. Rh7 Kg6 60. Rd7 Rd4 61. Bxc6 Rxd7 62. Bxd7 Nc7 63. Kf3 Kf6 64. Ke4 Ke7
65. Bc8 Kd6 66. Kf5 Nd5 67. Be6 Nf4 68. Bb3 Nd3 69. f3 Ne5 70. Ke4 Ng6 71. Bd1
Ke6 72. Be2 b4 73. Kd4 Nf4 74. Bd1 Kd6 75. Kc4 Nd5 76. Bb3 Kc6 77. Kd4 Nf4 78.
Ba4+ Kd6 79. Kc4 Nd5 80. Bd1 Nc3 81. Bb3 Ne2 82. Kxb4 Ke5 83. a4 Kd6 84. Bc2
Kc6 85. Be4+ Kb6 86. Kc4 Nf4 87. Kd4 h5 88. gxh5 Nxh5 89. Ke5 Ka5 90. Bc2 Nf4
91. Kf5 Ne2 92. Kg4 Nd4 93. Bd1 Kb4 94. Kg3 Nf5+ 95. Kf2 Ka5 96. Ke2 Kb4 97.
Bc2 Nd4+ 1/2-1/2

[Event "Liga Madrileña 2010/2011 - D. Honor"]
[Site "Madrid ESP"]
[Date "2010.12.12"]
[Round "3.45"]
[White "Cepeda Delgado, Camilo Jose"]
[Black "Fernandez Lledo, Javier"]
[Result "1-0"]
[WhiteElo "2187"]
[BlackElo "2138"]
[PlyCount "71"]
[EventDate "2010.11.21"]
[EventType "team"]
[EventRounds "14"]
[EventCountry "ESP"]
[Source "lmi"]
[SourceDate "2010.11.21"]
[WhiteTeam "Collado Villalba"]
[BlackTeam "Pueblo Nuevo"]
[WhiteTeamCountry "ESP"]
[BlackTeamCountry "ESP"]

1. d4 Nf6 2. c4 g6 3. Nc3 Bg7 4. e4 d6 5. f3 O-O 6. Be3 Nc6 7. Qd2 a6 8. Bd3
Rb8 9. Nge2 Bd7 10. O-O e5 11. d5 Ne7 12. c5 Ne8 13. b4 f5 14. b5 axb5 15. Nxb5
f4 16. Bf2 g5 17. Qb4 Rf6 18. Rfc1 Bf8 19. Nxc7 Nxc7 20. cxd6 Ncxd5 21. Bc4 Kg7
22. Qb2 Ng6 23. Bxd5 Bxd6 24. Ba7 b5 25. Bxb8 Qb6+ 26. Kh1 Bxb8 27. a4 Nh4 28.
Ng1 b4 29. a5 Qb5 30. a6 Qb6 31. Rc4 b3 32. Rc3 Ba7 33. Rxb3 Qc5 34. Rb7 g4 35.
Rxd7+ Kh6 36. Qxe5 1-0

[Event "Liga Madrileña 2010/2011 - D. Honor"]
[Site "Madrid ESP"]
[Date "2010.12.12"]
[Round "3.46"]
[White "Rodrigo Yanguas, Maria"]
[Black "Lorite Cruz, Francisco"]
[Result "1-0"]
[WhiteElo "2070"]
[BlackElo "2095"]
[PlyCount "69"]
[EventDate "2010.11.21"]
[EventType "team"]
[EventRounds "14"]
[EventCountry "ESP"]
[Source "lmi"]
[SourceDate "2010.11.21"]
[WhiteTeam "Pueblo Nuevo"]
[BlackTeam "Collado Villalba"]
[WhiteTeamCountry "ESP"]
[BlackTeamCountry "ESP"]

1. e4 g6 2. d4 Bg7 3. Nc3 c6 4. Nf3 d5 5. h3 Nf6 6. e5 Ng8 7. Bd3 Bf5 8. Bxf5
gxf5 9. e6 fxe6 10. Ng5 Kd7 11. Qe2 e5 12. dxe5 e6 13. Nf7 Qe8 14. Nxh8 Bxh8
15. O-O Kc7 16. b4 Nd7 17. f4 Bg7 18. Be3 Bf8 19. Rfb1 Nb6 20. a4 Nc4 21. Bf2
b6 22. Nd1 Ne7 23. Ne3 Nxe3 24. Bxe3 Ng6 25. c4 d4 26. Bxd4 Nxf4 27. Qf3 Ng6
28. a5 bxa5 29. Rxa5 Nh4 30. Qf2 Be7 31. Rba1 Qh5 32. Rxa7+ Rxa7 33. Rxa7+ Kd8
34. Ra8+ Kd7 35. Bc3 1-0

[Event "Liga Madrileña 2010/2011 - D. Honor"]
[Site "Madrid ESP"]
[Date "2010.12.19"]
[Round "4.11"]
[White "Almagro Llamas, Pablo"]
[Black "Candela Perez, Jose"]
[Result "0-1"]
[WhiteElo "2472"]
[BlackElo "2399"]
[PlyCount "60"]
[EventDate "2010.11.21"]
[EventType "team"]
[EventRounds "14"]
[EventCountry "ESP"]
[Source "lmi"]
[SourceDate "2010.11.21"]
[WhiteTeam "Virgen de Atocha"]
[BlackTeam "Leganes"]
[WhiteTeamCountry "ESP"]
[BlackTeamCountry "ESP"]

1. e4 e6 2. d4 d5 3. Nd2 dxe4 4. Nxe4 Bd7 5. Nf3 Bc6 6. Bd3 Nd7 7. Qe2 Ngf6 8.
Neg5 Bxf3 9. Qxf3 c6 10. O-O Be7 11. Re1 h6 12. Nxe6 fxe6 13. Bg6+ Kf8 14. Qh3
Bd6 15. Bf4 Qe7 16. Rxe6 Bxf4 17. Rxe7 Kxe7 18. Qb3 b6 19. Qf3 Bc7 20. Qxc6
Rac8 21. Re1+ Kd8 22. Qe6 Rb8 23. d5 b5 24. Qe7+ Kc8 25. Bf5 Rb6 26. Qxg7 Rd8
27. Re7 Rd6 28. Be6 Nxd5 29. Bxd7+ R8xd7 30. Rxd7 Rxd7 0-1

[Event "Liga Madrileña 2010/2011 - D. Honor"]
[Site "Madrid ESP"]
[Date "2010.12.19"]
[Round "4.12"]
[White "Reyes Larenas, Juan"]
[Black "Anton Guijarro, David"]
[Result "1-0"]
[WhiteElo "2435"]
[BlackElo "2421"]
[PlyCount "54"]
[EventDate "2010.11.21"]
[EventType "team"]
[EventRounds "14"]
[EventCountry "ESP"]
[Source "lmi"]
[SourceDate "2010.11.21"]
[WhiteTeam "Leganes"]
[BlackTeam "Virgen de Atocha"]
[WhiteTeamCountry "ESP"]
[BlackTeamCountry "ESP"]

1. e4 c5 2. Nf3 d6 3. c3 Nf6 4. h3 Bd7 5. Bd3 Bc6 6. Qe2 e6 7. O-O Be7 8. Bc2
Na6 9. d4 cxd4 10. Nxd4 Bd7 11. Rd1 O-O 12. Nd2 Qc7 13. N2f3 e5 14. Nf5 Bxf5
15. exf5 h6 16. Nh2 Nc5 17. Ng4 Rfd8 18. Qc4 Ne6 19. Nxf6+ Bxf6 20. Qg4 Nd4 21.
Bd3 Nc6 22. Bxh6 Kf8 23. Be3 d5 24. Bb5 Na5 25. h4 a6 26. Bf1 b5 27. a4 Nb3 1-0

[Event "Liga Madrileña 2010/2011 - D. Honor"]
[Site "Madrid ESP"]
[Date "2010.12.19"]
[Round "4.13"]
[White "Rubio Mejia, Luis"]
[Black "Arribas Lopez, Angel"]
[Result "0-1"]
[WhiteElo "2409"]
[BlackElo "2439"]
[PlyCount "82"]
[EventDate "2010.11.21"]
[EventType "team"]
[EventRounds "14"]
[EventCountry "ESP"]
[Source "lmi"]
[SourceDate "2010.11.21"]
[WhiteTeam "Virgen de Atocha"]
[BlackTeam "Leganes"]
[WhiteTeamCountry "ESP"]
[BlackTeamCountry "ESP"]

1. d4 d6 2. Nf3 g6 3. c4 Bg7 4. Nc3 Bg4 5. e3 e5 6. Be2 Nc6 7. d5 Nce7 8. e4
Nf6 9. Be3 O-O 10. O-O Bd7 11. Nd2 Ne8 12. b4 f5 13. f3 f4 14. Bf2 g5 15. c5
Rf7 16. Nc4 Ng6 17. c6 bxc6 18. dxc6 Be6 19. b5 h5 20. Na5 Nf6 21. Bc4 Bxc4 22.
Nxc4 g4 23. a4 g3 24. hxg3 fxg3 25. Bxg3 h4 26. Bh2 Bh6 27. Ra2 Nh5 28. Nd5 Ng3
29. Re1 Bf4 30. Nce3 Qg5 31. Ng4 Kg7 32. Nf2 h3 33. Nxh3 Qh6 34. Ndxf4 exf4 35.
Qd4+ Ne5 36. Qf2 Rg8 37. Rd2 Kh7 38. Rd5 Rfg7 39. Rxe5 dxe5 40. Qb2 Nxe4 41.
Nxf4 Ng5 0-1

[Event "Liga Madrileña 2010/2011 - D. Honor"]
[Site "Madrid ESP"]
[Date "2010.12.19"]
[Round "4.14"]
[White "Davicce Cañada, Juan Antonio"]
[Black "Martinez Martin, David"]
[Result "0-1"]
[WhiteElo "2097"]
[BlackElo "2398"]
[PlyCount "66"]
[EventDate "2010.11.21"]
[EventType "team"]
[EventRounds "14"]
[EventCountry "ESP"]
[Source "lmi"]
[SourceDate "2010.11.21"]
[WhiteTeam "Leganes"]
[BlackTeam "Virgen de Atocha"]
[WhiteTeamCountry "ESP"]
[BlackTeamCountry "ESP"]

1. d4 Nf6 2. c4 e6 3. Nc3 Bb4 4. e3 b6 5. Nf3 Bb7 6. Bd3 Ne4 7. O-O Bxc3 8.
bxc3 f5 9. Qc2 O-O 10. Nd2 Qh4 11. f3 Ng5 12. e4 fxe4 13. Nxe4 Nxe4 14. Bxe4
Bxe4 15. Qxe4 Qxe4 16. fxe4 Nc6 17. Ba3 Rxf1+ 18. Rxf1 Na5 19. c5 Nc4 20. Bc1
bxc5 21. dxc5 Rb8 22. Bf4 e5 23. Bg3 Rb2 24. Rf2 Rb5 25. c6 d6 26. h3 Rb1+ 27.
Kh2 Ne3 28. Bh4 Nf1+ 29. Kg1 Ng3+ 30. Kh2 Nxe4 31. Re2 Nxc3 32. Rc2 Nd5 33. Rd2
Nf6 0-1

[Event "Liga Madrileña 2010/2011 - D. Honor"]
[Site "Madrid ESP"]
[Date "2010.12.19"]
[Round "4.15"]
[White "Rudolf, Anna"]
[Black "Pedrajas Estepa, Manuel"]
[Result "1-0"]
[WhiteElo "2347"]
[BlackElo "2097"]
[PlyCount "55"]
[EventDate "2010.11.21"]
[EventType "team"]
[EventRounds "14"]
[EventCountry "ESP"]
[Source "lmi"]
[SourceDate "2010.11.21"]
[WhiteTeam "Virgen de Atocha"]
[BlackTeam "Leganes"]
[WhiteTeamCountry "ESP"]
[BlackTeamCountry "ESP"]

1. e4 e5 2. Nf3 d6 3. d4 Nd7 4. Bc4 c6 5. O-O b5 6. Bb3 Be7 7. a4 bxa4 8. Rxa4
Nb6 9. Ra5 exd4 10. Nxd4 Qc7 11. Qe2 Nf6 12. e5 dxe5 13. Qxe5 Qxe5 14. Rxe5 Bd7
15. Rfe1 Nc8 16. Ba4 O-O 17. Bxc6 Bxc6 18. Nxc6 Bd6 19. R5e2 Nb6 20. Nc3 a6 21.
Rd1 Nc8 22. Bg5 Ng4 23. h3 f6 24. hxg4 fxg5 25. Ne4 Re8 26. Nf6+ gxf6 27. Rxe8+
Kf7 28. Rd8 1-0

[Event "Liga Madrileña 2010/2011 - D. Honor"]
[Site "Madrid ESP"]
[Date "2010.12.19"]
[Round "4.16"]
[White "Ballester de Miguel, Miguel Angel"]
[Black "Suarez Triguero, Jose Alfonso"]
[Result "1/2-1/2"]
[WhiteElo "2050"]
[BlackElo "2073"]
[PlyCount "141"]
[EventDate "2010.11.21"]
[EventType "team"]
[EventRounds "14"]
[EventCountry "ESP"]
[Source "lmi"]
[SourceDate "2010.11.21"]
[WhiteTeam "Leganes"]
[BlackTeam "Virgen de Atocha"]
[WhiteTeamCountry "ESP"]
[BlackTeamCountry "ESP"]

1. e4 Nf6 2. e5 Ng8 3. Bc4 d5 4. exd6 exd6 5. d4 d5 6. Bb5+ c6 7. Bd3 Bd6 8.
Ne2 Ne7 9. O-O O-O 10. Ng3 Ng6 11. Nc3 Qh4 12. Nce2 Nd7 13. Qd2 Re8 14. Qg5
Qxg5 15. Bxg5 Ndf8 16. Rae1 Bd7 17. Bd2 Rad8 18. f4 f6 19. f5 Ne7 20. h4 Kf7
21. Rf3 Ng8 22. h5 Nh6 23. Bxh6 gxh6 24. Kf2 c5 25. c3 b6 26. Nf1 Bc6 27. Ne3
Nd7 28. Ng4 Kg7 29. Nf4 Rxe1 30. Kxe1 Bxf4 31. Rxf4 Nb8 32. Ne3 Be8 33. Be2 Nc6
34. a3 c4 35. Bf3 Bf7 36. Nxc4 Nxd4 37. Rxd4 Re8+ 38. Kf2 dxc4 39. Rd7 Kf8 40.
Rxa7 Re5 41. a4 Rxf5 42. Ra6 Bxh5 43. Rxb6 Bf7 44. Rb5 Rxb5 45. axb5 Ke7 46.
Ke3 Kd6 47. b6 h5 48. b7 Kc7 49. Kd4 h4 50. Ke3 Be6 51. Kd4 h5 52. Kc5 Bg4 53.
Bd5 h3 54. gxh3 Bxh3 55. Kd4 Bf1 56. Ke3 h4 57. Kf2 Bd3 58. Kg2 Bf5 59. b8=Q+
Kxb8 60. Bxc4 Bg4 61. Bd5 Kc7 62. c4 Kd6 63. b4 f5 64. Kf2 f4 65. Bg2 h3 66.
c5+ Ke5 67. Bh1 Kd4 68. Bb7 Ke5 69. c6 f3 70. Kg3 Kd4 71. c7 1/2-1/2

[Event "Liga Madrileña 2010/2011 - D. Honor"]
[Site "Madrid ESP"]
[Date "2010.12.19"]
[Round "4.21"]
[White "Gallego Jimenez, Victoriano"]
[Black "Valles Moreno, Ivan"]
[Result "0-1"]
[WhiteElo "2398"]
[BlackElo "2366"]
[PlyCount "112"]
[EventDate "2010.11.21"]
[EventType "team"]
[EventRounds "14"]
[EventCountry "ESP"]
[Source "lmi"]
[SourceDate "2010.11.21"]
[WhiteTeam "La Casa del Ajedrez"]
[BlackTeam "Amigos del Retiro"]
[WhiteTeamCountry "ESP"]
[BlackTeamCountry "ESP"]

1. d4 f5 2. Nc3 Nf6 3. Bg5 d5 4. Bxf6 exf6 5. e3 Be6 6. Qf3 Qd7 7. Bb5 Nc6 8.
Nge2 Rd8 9. Nf4 Bf7 10. O-O a6 11. Ba4 Bb4 12. Nd3 Bd6 13. Bxc6 bxc6 14. Na4
O-O 15. Nac5 Qc8 16. Nb4 Bxc5 17. dxc5 Qb7 18. Nd3 Rfe8 19. c3 a5 20. b3 Rb8
21. Nb2 Qa7 22. Na4 Re5 23. Rfd1 Qa6 24. Rd4 Qc8 25. Nb2 Re4 26. Nd3 Bg6 27.
Qe2 Qf8 28. Qd2 Bf7 29. b4 g5 30. Nc1 Re6 31. Ne2 Bh5 32. Ng3 Bg6 33. Rf1 Qe7
34. h4 h6 35. h5 Bh7 36. Qd1 Qe8 37. a3 Kh8 38. Qf3 Re5 39. Rfd1 axb4 40. axb4
Qe6 41. Nf1 Bg8 42. Nh2 Bf7 43. Qh3 Ra8 44. Qg3 Kh7 45. Nf3 Bxh5 46. Nxe5 fxe5
47. R4d2 Bxd1 48. Rxd1 Ra3 49. Rc1 Kg6 50. Qf3 Ra2 51. Qd1 g4 52. Ra1 Rxa1 53.
Qxa1 f4 54. Qa8 fxe3 55. fxe3 g3 56. Qd8 Qf7 0-1

[Event "Liga Madrileña 2010/2011 - D. Honor"]
[Site "Madrid ESP"]
[Date "2010.12.19"]
[Round "4.22"]
[White "Perez Gonzalez, Jose Manuel"]
[Black "Rojo Huerta, Gabriel"]
[Result "1/2-1/2"]
[WhiteElo "2281"]
[BlackElo "2375"]
[PlyCount "37"]
[EventDate "2010.11.21"]
[EventType "team"]
[EventRounds "14"]
[EventCountry "ESP"]
[Source "lmi"]
[SourceDate "2010.11.21"]
[WhiteTeam "Amigos del Retiro"]
[BlackTeam "La Casa del Ajedrez"]
[WhiteTeamCountry "ESP"]
[BlackTeamCountry "ESP"]

1. e4 e6 2. d4 d5 3. Nc3 Nc6 4. e5 f6 5. exf6 Qxf6 6. Nf3 Bd6 7. Bb5 Nge7 8.
Bg5 Qf7 9. Bxe7 Qxe7 10. O-O O-O 11. Re1 Qf6 12. Ne2 a6 13. Ba4 Ne7 14. Ng3 Ng6
15. c3 Nf4 16. Ne5 Ng6 17. Nf3 Nf4 18. Ne5 Ng6 19. Nf3 1/2-1/2